Caídos del mapa ix : un novio para miriam /

Guardado en:
Autor Principal: Falconi, María Inés
Otros Autores: Arrieta, Vik, il.
Formato: Libro
Publicado: Buenos Aires : Quipu, 2010
Series:Los verdes de Quipu
Materias:
Etiquetas: Agregar Etiqueta
Sin Etiquetas, Sea el primero en etiquetar este registro!
LEADER 00753nam a22002175a 4500
001 CEM.cems013534
008 130507s2010##################000#0#####d
005 20231020153621.0
245 1 0 |a Caídos del mapa ix :  |b un novio para miriam /  |c María Inés Falcon ; ilustraciones Vik Arrieta 
260 |a Buenos Aires :  |b Quipu,  |c 2010 
490 0 |a Los verdes de Quipu 
020 |a 9789875040489 
100 1 |a Falconi, María Inés 
700 1 |a Arrieta, Vik, il. 
082 0 4 |a A863.4 
653 |a Literatura 
653 |a Literatura juvenil 
653 |a Literarura argentina 
653 |a Novelas juveniles 
859 |a CEMS  |b BIB. CEMS - 11 de abril  |h A863.4  |i F181-1  |p 26155.11  |t Ej.1  |v IX  |3 IX 
859 |a CEMS  |b BIB. CEMS - 11 de abril  |h A863.4  |i F181-1  |p 29780.23  |t Ej.2  |3 IX